เปลี่ยนเป็นภาษาไทย

Change to English
 แสดงรายละเอียดบรรณานุกรม
  กลับหน้าหลัก

Brief Record : Get Marc (ISO 2709) : E-mail record : QR code กลับ
E-books : เกี่ยวกับ Collections
LEADER 00000nam 2200000uu 4500
001    13399128629
003     BCNR
008    230307s2568 th a b 000 0 tha d
020    ^a9786165931885
041    ^atha
060 04 ^aWY159^bณ259ก 2568
100 0  ^aณัชนันท์ ชีวานนท์
245 10 ^aการพยาบาลทารกแรกเกิดน้ำหนักน้อย =^bNursing care of low birth weight infants /^cณัชนันท์ ชีวานนท์
246 31 ^aNursing care of low birth weight infants
250    ^aพิมพ์ครั้งที่ 3
260    ^aชลบุรี :^bคณะพยาบาลศาสตร์ มหาวิทยาลัยบูรพา,^c2568
300    ^aก-ช, 227 หน้า :^bภาพประกอบ, ตาราง ;^c26 ซม.
505 0  ^aบทที่ 1 บทนำ : ทารกแรกเกิดน้ำหนักน้อย -- บทที่ 2 แนวคิดและทฤษฎีที่เกี่ยวข้องกับการพยาบาลทารกแรกเกิดน้ำหนักน้อย -- บทที่ 3 การพยาบาลทารกแรกเกิดน้ำหนักน้อยที่มีปัญหาระบบทางเดินหายใจ -- บทที่ 4 การพยาบาลทารกแรกเกิดน้ำหนักน้อยที่มีปัญหาการติดเชื้อ -- บทที่ 5 การพยาบาลทารกแรกเกิดน้ำหนักน้อยที่มีปัญหาระบบโลหิตและต่อมไร้ท่อ -- บทที่ 6 การพยาบาลทารกแรกเกิดน้ำหนักน้อยที่มีปัญหาระบบประสาท -- บทที่ 7 บทสรุป
650  4 ^aทารกแรกเกิด^xการดูแล
650  4 ^aทารกแรกเกิดน้ำหนักน้อย
650  4 ^aทารกแรกเกิด^xโรค^xการวินิจฉัย
710 2  ^aมหาวิทยาลัยบูรพา. ^bคณะพยาบาลศาสตร์
999    ^aบรรณารักษ์
รายการนี้ยังไม่มีแท็ก
คุณยังไม่ได้ล็อกอิน คุณสามารถมีกิจกรรมร่วมกับเว็บไซต์ได้ แต่ต้องล็อกอินก่อน ::
  ล็อกอิน
ลำดับที่ ประเภท เลขเรียก/บาร์โค้ด สถานที่ สถานะ
1. หนังสือ
หนังสือ
WY159 ณ259ก 2568 c.13 
  Barcode: 087806
ห้องสมุดสาขาหลัก
►หนังสือทั่วไป
On Shelf
2. หนังสือ
หนังสือ
WY159 ณ259ก 2568 c.14 
  Barcode: 087807
ห้องสมุดสาขาหลัก
►หนังสือทั่วไป
On Shelf
3. หนังสือ
หนังสือ
WY159 ณ259ก 2568 c.15 
  Barcode: 087808
ห้องสมุดสาขาหลัก
►หนังสือทั่วไป
On Shelf
  1 2 [2]   [แสดง 3/15 รายการ]

รายการใกล้เคียง
    ผู้แต่ง [ณัชนันท์ ชีวานนท์]

    หัวเรื่อง [ทารกแรกเกิดน้ำหนักน้อย]

BibComment


ยังไม่เคยถูกคอมเมนท์

คอมเมนท์ทรัพยากรรายการนี้
  คอมเมนท์: การพยาบาลทารกแรก..
Bib 13399128629

 
 
 

 Union Library Management : ULibM
Copyright 2026. All Rights Reserved.